Music Quiz

Random Music or Kpop Quiz

Kpop Idols Stage Name Quiz Stats

Quiz not verified by Sporcle

Challenge
Share
Tweet
Embed
Score 0/143 Timer 20:00
0 Plays Today
Birth Name Stage Name % Correct
Kim Myung SooL
96.6%
Kim Tae HyungV
96.2%
Do Kyung SooD.O
94.6%
Kim Seok JinJin
94.3%
Park Myung EunJin
94.3%
Cha Hak YeonN
91.7%
Kim Nam JoonRap Monster
91.5%
Kim Jong InKai
91.3%
Jung Ho SeokJHope
90.2%
Zhang Yi XingLay
90%
Min Yoon GiSuga
90%
Kim Min Seok Xiumin
89.4%
Kim Jong DaeChen
88.9%
Ahn Hyo JinLE
88.3%
Kim Jun MyeonSuho
88.2%
Kim Ki BumKey
87.2%
Lee Dong Min Cha Eun Woo
87.1%
Bae Joo HyunIrene
85.5%
Liu Yi Yun / Yoo Eun YoungAmber
85.5%
Jung Soo JungKrystal
85.5%
KIm Ye RimYeri
85%
Park Soo YoungJoy
85%
Song QianVictoria
83.8%
Wen Jun HuiJun
83.5%
Lee Jun YoungJun
83.5%
Lee Jin KiOnew
83.3%
Son Seung WanWendy
83.2%
Jung Taek WoonLeo
82%
Park Sun YoungLuna
81.7%
Kim Won ShikRavi
80.6%
Choi Seung CheolS.Coups
80%
Stephanie HwangTiffany
79.6%
Jung Soo YeonJessica
79.3%
Woo Ji HoZico
79.3%
Lee Jae HwanKen
78.9%
Lim Chang KyunI.M
78.9%
Han Sang HyukHyuk
78.8%
Choi Jin RiSulli
78.8%
Choi Min KiRen
78.7%
Chittaphon LeechaiyapornkulTen
78.5%
Ahn Hee YeonHani
78.5%
Xu Ming HaoThe8
78.4%
Lee Ji HoonWoozi
77.4%
Pyo Ji HoonP.O
77.3%
Yeo Chang GuYeo One
77.3%
Lee Sun KyuSunny
76.7%
Hwang Eun BiSinB
76.2%
Shin Won HoShin
75.9%
Birth Name Stage Name % Correct
Lee ChanDino
75.5%
Lee Seok MinDK
75.4%
Lee Ho Seok / Shin Ho SeokWonho
74.6%
Hong Ji SooJoshua
74.4%
Kwon Soon YoungHoshi
74.3%
Son Hyun WooShownu
72.6%
Park Min HyukRocky
72.3%
Park Jin WooJinjin
72%
Kim Myung JunMJ
71.5%
Park Jung SooLeeteuk
70.9%
Lee Ho WonHoya
70.6%
Cha Sun WooBaro
70.5%
Lee Min HyungMark
69.3%
Gong Chan ShikGongchan
69.3%
Shin Dong HeeShindong
69.1%
Jung Eun BiEunha
68.9%
Seo Joo HyunSeohyun
67.9%
Choi Yu NaYuju
67.3%
Shin Dong WooCNU
67%
Lee Jung HwanSandeul
66.2%
Kim Jin Seok / Kim Woo JinBM
66.2%
Kim Tae HyungJ.Seph
65.9%
Kim Dong YoungDoyoung
65.5%
Lee Min HyukB-Bomb
65.4%
Kim Ye WonUmji
65.2%
Kim Jong HyunJR
64.8%
Lee Hyuk JaeEunhyuk
63.4%
Kim So JungSowon
63.2%
Kang Dong HoBaekho
62.9%
Bang Min SooC.A.P
62.8%
Dong Si ChengWinwin
61.6%
Lee Dong HyuckHaechan
60.9%
Seo Young HoJohnny
59.5%
Lee Byung HunL.Joe
58.8%
Woo Sung HyunKevin
58.5%
Jung Yoon OhJaehyun
58.3%
Kim Jong Hoon Yesung
58.2%
Yoo Chang HyunRicky
58.2%
Kim Young WoonKangin
55.9%
Zhou Jie QiongKyulkyung
54.9%
Lee Chan HeeChunji
54.9%
Choi Jong HyunChangjo
53.3%
Kim Kyung JaeEli
52.6%
Lee Hoe TaekHui
50%
Baek Ju HoZuho
45.5%
Kim Woo SeokWooshin
44.9%
Lee Dong YeolXiao
44.9%
Kang Chan HeeChani
44.9%
Birth Name Stage Name % Correct
Yoo Yeon Joo / Yoo Shi AhYooA
43.9%
Kim Hyo JungE'Dawn
43.3%
Lee Sung JunWei
42.1%
Choi Bi NaAshley
41.6%
Kim Seok WooRowoon
41.6%
Kim Ji YeonKei
41.3%
Lee Sang HyukDawon
40.6%
No Soo IlKuhn
39%
Lee Soo JungBaby Soul
38.5%
Kim Min HyunMimi
38.4%
Choo Soo JungExy
38.4%
Bae Yu BinBinnie
37.9%
Lee Chang HyunBit-to
37.3%
Park Jung Hyeon / Park SiyeonXiyeon
36.5%
Yeo Hoon MinHoon
35.7%
Go Min SooKogyeol
35.2%
Choi Ye WonArin
34.4%
Seon Ye InSunyoul
33.9%
Chu Xiao XiangCasper
33.7%
Kang Hyung GuKino
33.7%
Kim Jin WookJinhoo
32.4%
Kim Joo MiZuny
31.2%
Kim Jae SeopAJ
31.1%
Kim Young KyunHwiyoung
31%
Kim Min KyungRoa
29.8%
Shin Hye JinJinE
29.1%
Kang Ye BinRena
28.3%
Kim Ji YeonBona
28.2%
Kim Hyun JungSeola
24.9%
Kim Ye WonYehana
24.6%
Liu Xie NingSally
24.5%
Shin Bo RaHana
24.1%
Kang Kyung WonYuha
22.9%
Son Ju YeonEunseo
22.2%
Lee Jin SookYeoreum
21.5%
Heo Soo YeonEunice
16.7%
Lee So YulJenny
15.2%
Kwon ChaewonEunchae
15.1%
Kim Bo RaSuA
14.6%
Jang So JinSoyee
14.4%
Kim Ji YooJiU
14.1%
Lee Yoo BinDami
11.5%
Ki Hee HyunHuihyeon
11.1%
Lee Joo WonJooE
8.8%
Sung Ji yeonJane
8%
Lee Da BinYeonwoo
7%
Yoo Jung AhnDaisy
7%

You're not logged in!

Compare scores with friends on all Sporcle quizzes.
Sign Up with Email
OR
Log In

You Might Also Like...

Show Comments

Extras

Top Quizzes Today


Score Distribution

Your Account Isn't Verified!

In order to create a playlist on Sporcle, you need to verify the email address you used during registration. Go to your Sporcle Settings to finish the process.